| 000 | 00648nam a2200217Ia 4500 | ||
|---|---|---|---|
| 008 | 240729s9999 xx 000 0 und d | ||
| 022 | _a2377-8822 | ||
| 245 | 0 | _aPersonnel Assessment and Decisions | |
| 260 | _aUnited States | ||
| 260 | _bInternational Personnel Assessment Council (IPAC) | ||
| 650 | _a Business | ||
| 650 | _a Business | ||
| 650 | _a Commerce | ||
| 650 | _a Commerce | ||
| 650 | _a Industrial psychology | Social Sciences | ||
| 650 | _a Personnel management. Employment management | ||
| 650 | _aSocial Sciences | ||
| 856 | _uhttps://doaj.org/toc/721ab8b28e704b208040f83f15582c64 | ||
| 942 | _2ddc | ||
| 942 | _cDOAJEJ | ||
| 999 |
_c70312 _d70312 |
||
| 945 |
_a1 _bMadushi Gamage _c1 _dMadushi Gamage |
||